000 008290000a22002410004500
090 _aAR
_b03931
245 1 0 _aBioprospecting in practice
_sa case study of the suriname ICBG project and benefits sharing under the convention on biological diversity
500 _a<Colección Recursos Genéticos>
650 1 4 _aRecursos genéticos
_992757
650 1 4 _aBioquímica
_993680
650 1 4 _aDesarrollo económico
_997775
650 1 4 _aConocimiento tradicional
_992244
651 4 _pSurinam
_992749
041 0 _aInglés
700 1 _aFamolare, Lisa M.
_997776
700 1 _aBowles, Ian A.
_912621
700 1 _aStanley A., Malone
_997777
700 1 _aMittermeier, Russell A.
_96443
700 1 _aRosenfeld, Amy B.
_919972
100 1 _aGuerin McManus, Marianne
_919978
942 _cARTICULO
773 1 _tPreprint
_q1-19
_d[1997?]
999 _c12965
_d12965